Movies Quiz

Random Movies or Actress Quiz
Score 0/21 Timer 05:00
0 Plays Today
Actor/Actress Character Name % Correct
Charlie CoxTristan
90.5%
Mark StrongSeptimus
82%
Claire DanesYvaine
80%
Robert de NiroCaptain Shakespeare
78.6%
Jason FlemyngPrimus
74.8%
Kate MagowanUna
73.6%
Sienna MillerVictoria
70.5%
Mark HeapTertius
61.1%
Rupert EverettSecundus
60.2%
David WalliamsSextus
56.6%
Adam BuxtonQuintus
55.7%
Actor/Actress Character Name % Correct
Julian Rhind-TuttQuartus
54.1%
Michelle PfeifferLamia
53.2%
Nathaniel ParkerDunstan
53%
Henry CavillHumphrey
52.7%
Melanie HillDitchwater Sal
51.6%
Mark WilliamsBilly
37.3%
Ricky GervaisFerdy
36.6%
Jake CurranBernard
36.1%
Sarah AlexanderEmpusa
32.3%
Joanna ScanlanMormo
31.8%
Remove Ads.
Support Sporcle.
Get the best of Sporcle when you Go Orange. This ad-free experience offers more features, more stats, and more fun while also helping to support Sporcle. Thank you for becoming a member.

You're not logged in!

Compare scores with friends on all Sporcle quizzes.
OR
Log In

Show Comments

Extras

Top Quizzes Today


Score Distribution

Your Account Isn't Verified!

In order to create a playlist on Sporcle, you need to verify the email address you used during registration. Go to your Sporcle Settings to finish the process.

Report this User

Report this user for behavior that violates our Community Guidelines.

Details: